Counties by Letter: D - Statistics

General Stats
  • This quiz has been taken 55 times
    49 since last reset
  • The average score is 53 of 133
Answer Stats
State (or D.C.) County % Correct
Alabama | Arkansas | Iowa | +2 others Dallas
71%
Iowa | Utah Davis
71%
Missouri Dent
71%
Texas Denton
71%
Colorado Denver
71%
North Carolina | Tennessee Davidson
64%
Colorado | Michigan | Texas Delta
64%
Minnesota | Nebraska Dakota
57%
Montana Daniels
57%
North Carolina Davie
57%
Georgia | Montana | Nebraska | Texas Dawson
57%
South Dakota Day
57%
Indiana Dearborn
57%
Maryland | South Carolina Dorchester
57%
Colorado | Georgia | Illinois | +9 others Douglas
57%
Florida | Texas Duval
57%
Georgia | Missouri Dade
50%
North Carolina Dare
50%
Georgia | Indiana | Iowa | +2 others Decatur
50%
South Carolina Dillon
50%
Georgia | Minnesota | Nebraska | Wisconsin Dodge
50%
Alabama Dale
43%
Texas Dallam
43%
Ohio Darke
43%
Nebraska Dawes
43%
Indiana | Iowa | New York | +3 others Delaware
43%
Alaska Dillingham
43%
District of Columbia District of Columbia
43%
Wisconsin Dane
36%
Virginia Danville
36%
South Carolina Darlington
36%
Pennsylvania Dauphin
36%
Ohio Defiance
36%
Alabama | Georgia | Illinois | +3 others DeKalb
36%
Alaska Denali
36%
Texas Dimmit
36%
Colorado Dolores
36%
Wisconsin Door
36%
Massachusetts Dukes
36%
North Carolina Durham
36%
New York Dutchess
36%
Utah Daggett
29%
Indiana | Kentucky | Missouri Daviess
29%
South Dakota Davison
29%
Oregon Deschutes
29%
Iowa Des Moines
29%
Illinois | Texas DeWitt
29%
Florida Dixie
29%
Nebraska Dixon
29%
New Mexico Doña Ana
29%
Texas Donley
29%
Georgia Dooly
29%
Texas Deaf Smith
21%
Arkansas Desha
21%
Texas Dickens
21%
Virginia Dickenson
21%
North Dakota Dickey
21%
Iowa | Kansas | Michigan Dickinson
21%
Tennessee Dickson
21%
Georgia Dougherty
21%
Iowa Dubuque
21%
North Dakota | Wisconsin Dunn
21%
North Carolina Duplin
21%
Tennessee Dyer
21%
Montana Deer Lodge
14%
California Del Norte
14%
Florida | Louisiana | Mississippi DeSoto
14%
Oklahoma | South Dakota Dewey
14%
Virginia Dinwiddie
14%
North Dakota Divide
14%
Arkansas Drew
14%
Utah Duchesne
14%
Illinois DuPage
14%
Nebraska | South Dakota Deuel
7%
West Virginia Doddridge
7%
Indiana Dubois
7%
Nebraska Dundy
7%
New Mexico De Baca
0%
Kansas Doniphan
0%
Missouri Dunklin
0%
No matching quizzes found
Score Distribution
Percent of People with Each Score
Percentile by Number Answered
Your Score History
You have not taken this quiz since the last reset